Music (Record no. 16115)

MARC details
000 -LEADER
fixed length control field 00463nam a22001577a 4500
008 - FIXED-LENGTH DATA ELEMENTS--GENERAL INFORMATION
fixed length control field 161001b xxu||||| |||| 00| 0 eng d
020 ## - INTERNATIONAL STANDARD BOOK NUMBER
International Standard Book Number 0192853820
040 ## - CATALOGING SOURCE
Original cataloging agency KABU
Transcribing agency KABU
050 ## - LIBRARY OF CONGRESS CALL NUMBER
Classification number MT6
Item number .C66 1998 c. 1
100 ## - MAIN ENTRY--PERSONAL NAME
Personal name Cook, Nicholas
Dates associated with a name 1950-
245 ## - TITLE STATEMENT
Title Music
Remainder of title a very short introduction
Statement of responsibility, etc. Nicholas Cook
260 ## - PUBLICATION, DISTRIBUTION, ETC. (IMPRINT)
Place of publication, distribution, etc. Oxford
Name of publisher, distributor, etc. OUP
Date of publication, distribution, etc. 1998
300 ## - PHYSICAL DESCRIPTION
Extent 143 p.
650 ## - SUBJECT ADDED ENTRY--TOPICAL TERM
Topical term or geographic name as entry element Music appreciation
942 ## - ADDED ENTRY ELEMENTS (KOHA)
Source of classification or shelving scheme Library of Congress Classification
Koha item type General Collection
Classification part MT6 .C66 1998 c. 1
Holdings
Withdrawn status Lost status Source of classification or shelving scheme Not for loan Home library Current library Shelving location Date acquired Cost, normal purchase price Total Checkouts Full call number Barcode Date last seen Copy number Price effective from Koha item type
    Library of Congress Classification   Kabarak, Main Campus Kabarak, Main Campus General Stacks 01/10/2016 3696.48   MT6 .C66 1998 c. 1 026897 01/10/2016 c. 1 01/10/2016 General Collection
    Library of Congress Classification   Kabarak, Main Campus Kabarak, Main Campus General Stacks 01/10/2016 3696.48   MT6 .C66 1998 c. 2 026899 01/10/2016 c. 2 01/10/2016 General Collection
    Library of Congress Classification   Kabarak, Main Campus Kabarak, Main Campus General Stacks 01/10/2016 3696.48   MT6 .C66 1998 c. 3 026898 01/10/2016 c. 3 01/10/2016 General Collection
Designed with assistance from East African Informatics Ltd